[Event "Moscow op-A"]
[Site "Moscow"]
[Date "2013.02.07"]
[Round "6"]
[White "Durarbayli, Vasif"]
[Black "Khairullin, Ildar"]
[Result "0-1"]
[WhiteElo "2598"]
[BlackElo "2650"]
[Annotator "Mikhalchishin,A"]
[PlyCount "74"]
[EventDate "2013.02.02"]
[EventType "swiss"]
[EventRounds "9"]
[EventCountry "RUS"]
[SourceTitle "CBM 152 Extra"]
[Source "ChessBase"]
[SourceDate "2013.02.25"]
[SourceVersion "1"]
[SourceVersionDate "2013.02.25"]
[SourceQuality "1"]

1. e4 e5 2. Nf3 Nc6 3. Bb5 a6 4. Ba4 d6 5. c3 Bd7 6. d4 g6 7. O-O Bg7 {This is
the main position of the Smyslov system. Closing the centre is the most
principled approach.} 8. d5 Nce7 9. Bxd7+ ({Another treatment here is} 9. c4 h6
$5 (9... f6 $5 {/\ Nh6_f7}) (9... b5 $5 10. Bb3 (10. cxb5 axb5 11. Bb3 Nf6 12.
Re1 h6 $1 $15)) 10. Nc3 f5 11. exf5 gxf5 12. Nh4 $5 (12. Ne1 Nf6 13. f4 e4 14.
Bxd7+ Qxd7 15. Nc2 c5 $13) 12... Nf6 13. f4 e4 14. Ne2 Bxa4 $8 15. Qxa4+ Nd7
16. Be3 O-O (16... Bxb2 $2 17. Bd4 Bxa1 18. Bxa1 O-O 19. Qd1 Rf7 20. Nd4 Nc5
21. Ndxf5 $18) 17. Bd4 c5 $1 18. Bxg7 Kxg7 {Onischuk,A (2590)-Malaniuk,V (2615)
/Nikolaev (zt) 1995; with a good position.}) 9... Qxd7 10. c4 ({The slower
approach is also possible:} 10. Be3 h6 11. Nfd2 f5 12. f3 Nf6 13. c4 O-O 14.
Nc3 g5 15. c5 Ng6 16. exf5 Qxf5 17. Nde4 Nxe4 18. fxe4 Qxf1+ 19. Qxf1 Rxf1+ 20.
Rxf1 dxc5 21. Bxc5 Bf8 22. Be3 Bd6 23. Ne2 {[%csl Yf5][%cal Ge2g3,Gg3f5]} Rf8
24. Rc1 $5 Ne7 25. Ng3 {[%cal Ge3c5] Carlsen,M (2837)-Mamedyarov,S (2726)/
Astana KAZ 2012. Black still did not equalise in the endgame.}) 10... h6 11.
Nc3 ({A possible try is} 11. Nfd2 Nf6 12. Nc3 O-O 13. b4 a5 14. bxa5 Rxa5 15.
a4 Ra6 16. c5 dxc5 17. Nc4 Ne8 18. Be3 Nd6 19. Qd3 Rfa8 20. Bxc5 b5 21. Na3
bxa4 22. Rab1 {Jones,G (2635)-Short,N (2698)/Hinkley ENG 2012; with slightly
better play.}) 11... f5 12. Ne1 {There are possible a few typical other ways:}
(12. exf5 Nxf5 $146 (12... gxf5) 13. Ne4 Nf6 14. Nxf6+ Bxf6 15. Nd2 O-O 16. Ne4
$14 {Short,N-Spassky,B/London 1986}) (12. Nd2 Nf6 13. f3 O-O 14. b4 g5 15. exf5
Nxf5 16. Nde4 Nxe4 17. Nxe4 b5 18. c5 Nd4 19. cxd6 cxd6 20. Be3 Rac8 21. Bxd4
exd4 22. a4 $14 {Sax,G (2570)-Smyslov,V (2550)/Subotica (izt) 1987}) (12. Qb3
$5 $146 b6 (12... Nf6 $2 13. exf5 gxf5 14. Qxb7 O-O 15. Qb3 $16) 13. a4 a5 (
13... Nf6 $6 14. exf5 gxf5 15. a5) 14. Bd2 Nf6 15. exf5 Nxf5 $1 (15... gxf5 16.
Nh4 O-O 17. f4 $14) 16. Qb5 $1 Qxb5 17. Nxb5 Kd7 {Leko,P (2701)-Giorgadze,G 
(2602)/Batumi 1999. The endgame is equal.}) 12... Nf6 13. f3 O-O (13... f4 {
was risky:} 14. Nd3 g5 15. c5 Ng6 16. Qa4 b5 17. cxb6 cxb6 18. Qxd7+ Nxd7 19.
Bd2 Kf7 20. Rfc1 Rhc8 21. Nd1 Nc5 22. Nxc5 dxc5 23. b3 Nf8 24. Nb2 b5 {
Beliavsky,A (2555)-Smyslov,V (2595)/Leningrad 1977. Black was able to hold.})
14. Nd3 {The position is very similar to the KID Mar del Plata Variation,
without the light-squared bishops. It makes the black attack more difficult,
but on the other hand Black has no real space problems.} Rf7 (14... c5 15. Qe2
b5 (15... g5 16. Bd2 Nh5 17. g3 Nf6 18. a3 Rf7 19. b4 b6 20. Rab1 Raf8 21. bxc5
bxc5 22. Nf2 (22. Rb6 $2 f4 23. g4 Nxg4 24. fxg4 f3 25. Qf2 Qxg4+ 26. Kh1 Qg2+
$1 $19) 22... Ne8 23. Rb6 Qc8 24. Rfb1 $1 fxe4 25. Ncxe4 $16 {1-0 Rozentalis,E
(2505)-Smagin,S (2555)/Voronezh 1987}) 16. b3 (16. cxb5 axb5 17. b4 $1 $16)
16... g5 ({It was better to concentrate here} 16... Rab8) 17. Bd2 bxc4 18. bxc4
Rae8 19. Rae1 Nh5 20. Qd1 Nf4 21. Nf2 fxe4 22. fxe4 Neg6 23. g3 Nh3+ 24. Nxh3
Qxh3 25. Qe2 Rxf1+ 26. Qxf1 Qxf1+ 27. Kxf1 Rb8 28. Ke2 Ne7 29. h3 {Ma Qun 
(2534)-Safarli,E (2626)/Fujairah City UAE 2012. Black will suffer with passive
pieces.}) ({It looks better to counterstrike on the queen's flank with} 14...
c6) 15. Re1 $6 ({The direct assault can be stopped by a beautiful
counterstrike:} 15. c5 c6 $1 16. dxc6 Nxc6 17. Be3 d5 18. exd5 Nxd5 19. Nxe5
Nxe3 20. Qxd7 Rxd7 21. Nxd7 Rd8 22. Nb6 Bd4 23. Nba4 Ne5 24. Ne2 Nxf1+ 25. Kxf1
Be3 26. b4 Rd2 {and Black's activity compensates for the pawn.}) ({But it was
necessary to prepare his own strategy on the queenside:} 15. Be3 Kh7 16. c5 {
Kurnosov,I (2663)-Vorotnikov,V (2446)/Biel SUI 2012. White succeeded first
with his plan.}) 15... Raf8 ({The central strategy was preferable:} 15... fxe4
16. Nxe4 Nf5) 16. Be3 ({The idea of controlling e4 was interesting:} 16. Nf2)
16... f4 {It looks that the attack has no real chances for success. But
Khairullin was able to find a nice regrouping of his pieces.} ({Still, better
was} 16... fxe4 17. Nxe4 Nf5) 17. Bf2 g5 $40 18. c5 g4 19. cxd6 cxd6 20. Na4 h5
21. Rc1 Ng6 22. Nb6 Qe7 23. Kf1 $2 ({It was better to stay in the corner - in
the absence of his white-coloured bishop, Black has problems with the power of
his attack.} 23. Kh1 g3 24. Bg1) 23... Bh6 24. Qa4 Nh7 25. Ke2 Ng5 26. Rc8 g3
27. Rxf8+ Qxf8 28. Rc1 Kh7 29. hxg3 ({An interesting line was} 29. Bg1 Nh4 30.
Ne1 gxh2 31. Bxh2 Qg7 32. Rc2 Nxg2 33. Nxg2 Nxf3) 29... fxg3 30. Be3 (30. Bxg3
{was bad:} Nxf3 31. gxf3 Bxc1 32. Nxc1 h4 33. Bh2 Rxf3) 30... Nxf3 $1 31. Nd7
Qg7 32. Bxh6 Kxh6 33. gxf3 Rxd7 {White is lost.} 34. Qb4 Qf6 35. Qd2+ Qg5 36.
Rg1 Qxd2+ 37. Kxd2 h4 0-1

[Event "EU-ch 5th"]
[Site "Antalya"]
[Date "2004.05.22"]
[Round "7"]
[White "Neubauer, Martin"]
[Black "Thorfinnsson, Bjorn"]
[Result "1/2-1/2"]
[WhiteElo "2418"]
[BlackElo "2345"]
[Annotator "Mueller,Karsten"]
[PlyCount "128"]
[EventDate "2004.05.15"]
[EventType "swiss"]
[EventRounds "13"]
[EventCountry "TUR"]
[SourceTitle "CBM 101"]
[Source "ChessBase"]
[SourceDate "2004.07.27"]
[SourceVersion "1"]
[SourceVersionDate "2004.07.27"]
[SourceQuality "1"]

1. e4 e5 2. Nf3 Nc6 3. Bb5 a6 4. Ba4 d6 5. O-O Bd7 6. c3 g6 7. d4 Bg7 8. Re1
Nge7 9. dxe5 dxe5 10. Nbd2 O-O 11. Nf1 b5 12. Bc2 Be6 13. Ng5 Qxd1 14. Rxd1 Bg4
15. Nf3 Rfd8 16. Be3 Na5 17. N1d2 Nb7 18. Nb3 Nc6 19. Nc5 Nxc5 20. Bxc5 Bf8 21.
Be3 Be6 22. Bb3 Bxb3 23. axb3 Rxd1+ 24. Rxd1 f6 25. Kf1 Bd6 26. b4 Kf7 27. Nd2
a5 28. Ra1 a4 29. Ke2 Nd8 30. b3 Nb7 31. bxa4 c5 32. a5 cxb4 33. cxb4 Bxb4 34.
Nb3 Ra6 35. Bb6 Ke7 36. Rc1 Kd6 37. h4 h5 38. f3 Ra8 39. g4 Ra6 40. Kf1 Ra8 41.
Kg2 Ra6 42. Kh3 Bxa5 43. Bxa5 Nxa5 44. Ra1 {At first glance, this pin appears
fatal; but all that glistens is not gold... Diese Fesselung sieht auf den
ersten Blick tödlich aus, doch es ist nicht alles Gold, was glänzt...} Kc6 $3 {
[%mdl 4096] What a move! Was für ein erstaunlicher Zug!} (44... Nxb3 $2 45.
Rxa6+ $16) 45. Rxa5 Rxa5 46. Nxa5+ Kb6 47. Nb3 b4 {and now I could not find a
way for White to win. Really remarkable!  nun habe ich keinen Gewinnweg für
Weiß finden können. Wirklich merkwürdig!} 48. g5 (48. f4 exf4 49. gxh5 gxh5 50.
Kg2 Kb5 51. Kf3 Kc4 52. Nc1 b3 53. Nxb3 Kxb3 54. Kxf4 Kc4 55. Kf5 Kd4 56. Kxf6
Kxe4 57. Kg5 Ke5 58. Kxh5 Kf5 $11) (48. Kg3 Kb5 49. f4 exf4+ 50. Kxf4 hxg4 51.
Kxg4 Kc4 52. Nc1 Kc3 53. Kf4 Kc2 54. Ne2 Kd3 55. Kf3 g5 $3 {it is really
maddening,,, es ist wie verhext...} 56. h5 g4+ 57. Kxg4 Kxe2 58. h6 b3 59. h7
b2 60. h8=Q b1=Q $11) 48... fxg5 49. hxg5 Kb5 50. Nd2 (50. f4 exf4 51. Kg2 Kc4
52. Na5+ Kd4 53. Kf3 h4 54. Kxf4 h3 55. Kg3 Kxe4 56. Kxh3 Kf5 57. Kh4 Kf4 58.
Nb3 Ke4 59. Kg4 Ke3 60. Na5 Ke4 61. Nc6 b3 62. Na5 b2 63. Nc4 b1=N $11) 50...
Kc5 51. Kg3 Kd4 52. f4 h4+ 53. Kxh4 (53. Kf3 exf4 54. Kxf4 (54. Nb3+ Ke5 55.
Na5 h3 56. Nc6+ Kd6 57. Nxb4 h2 58. Kg2 Ke5 $11) 54... h3 55. e5 h2 56. Nf3+
Kc3 57. Nxh2 b3 58. e6 b2 59. e7 b1=Q 60. e8=Q Qf5+ $11) 53... exf4 54. Kg4 $6
(54. e5 Kxe5 55. Kg4 b3 56. Nxb3 f3 57. Nd2 f2 58. Nf1 Ke4 $11) 54... Ke3 55.
e5 $1 $11 {and now White even has to force the draw. nun muss Weiß sogar das
Remis forcieren.} Kxd2 56. e6 b3 57. e7 b2 58. e8=Q b1=Q 59. Kxf4 Qf5+ 60. Kg3
Qxg5+ 61. Kf3 Qf5+ 62. Kg3 g5 63. Qd8+ Ke1 64. Qd4 Qf4+ 1/2-1/2

[Event "Candidates Tournament (Women)"]
[Site "Kazan"]
[Date "2019.05.31"]
[Round "1"]
[White "Gunina, Valentina"]
[Black "Lagno, Kateryna"]
[Result "1/2-1/2"]
[WhiteElo "2506"]
[BlackElo "2554"]
[Annotator "Paehtz,E"]
[PlyCount "119"]
[EventDate "2019.05.31"]
[EventType "tourn"]
[EventRounds "14"]
[EventCountry "RUS"]
[EventCategory "12"]
[SourceTitle "CBM 191"]
[Source "ChessBase"]
[SourceDate "2019.08.31"]
[SourceVersion "1"]
[SourceVersionDate "2019.08.31"]
[SourceQuality "1"]

{[%evp 0,119,19,38,25,7,30,13,13,3,46,-2,1,5,56,40,50,41,61,43,44,38,76,22,28,
27,81,66,71,70,59,43,83,92,90,53,50,42,42,45,33,26,9,9,6,13,13,16,20,6,18,19,0,
-14,-9,-9,-16,-17,-16,-41,7,-14,20,21,13,-10,-7,-69,-64,-69,-78,-94,-90,-87,
-74,-128,-140,-189,-252,-217,-162,-211,-229,-223,-194,-157,-168,-157,-194,-172,
-176,-176,-169,-106,-102,-102,-164,-164,-164,0,-360,0,0,0,0,0,0,0,0,0,0,0,0,0,
0,0,0,0,0,0,0,0]} 1. e4 e5 2. Nf3 Nc6 3. Bb5 a6 4. Ba4 d6 $5 {This must have
been a serious surprise for Gunina, as her Russian national team colleague
usually prefers the Archangelsk Variation, where the black bishop develops to
c5. Anyhow, this variation yet perfectly suits Lagnos style considering that
she is a Grunfeld, King's Indian and Pirc player where similar structures
arise.} 5. c3 Bd7 (5... f5 $5 {Also this line lately became fashion:} 6. exf5 (
6. d4 $5 fxe4 7. Nxe5 dxe5 8. Bxc6+ bxc6 9. Qh5+ Kd7 10. Qf5+ $11) 6... Bxf5 7.
O-O Bd3 8. Re1 Be7 9. Bc2 $13) 6. O-O g6 7. d4 Bg7 8. Bg5 f6 (8... Nge7 $5) (
8... Nf6 $5) 9. Be3 Nh6 10. dxe5 $1 {From the practical point of view probably
the most annoying continuation for Black.} (10. h3 $5 Nf7 11. dxe5 fxe5 12. c4
O-O 13. Nc3 g5 14. Nh2 Be6 15. Bxc6 bxc6 16. b3 h6 17. Qh5 Kh7 18. Rad1 Qe7 19.
Ne2 Nh8 20. Ng3 Ng6 21. Rd2 a5 22. Rc1 c5 23. Qd1 a4 24. Qc2 Qf7 25. Ne2 axb3
26. axb3 Ne7 27. Qd1 Nc6 28. Nf1 Qg6 29. Nfg3 g4 30. h4 h5 31. Nc3 Nd4 32. Nd5
Rf7 33. b4 cxb4 34. Nxb4 Bf6 35. c5 Nb3 36. cxd6 Nxd2 37. Qxd2 cxd6 38. Qxd6
Be7 39. Qb6 Bxh4 40. Nd3 Bxg3 41. fxg3 Ra2 42. Nc5 Bc8 43. Qb8 Rf8 44. Qxe5 h4
45. Qe7+ Kg8 46. Qxh4 Qf6 47. Qxf6 Rxf6 48. e5 Rc6 49. Rc4 Re2 50. Bd4 Kf7 51.
Kf1 Ra2 52. Rb4 Kg6 53. Be3 Rc2 54. e6 R2xc5 55. Rxg4+ Kf6 56. Bxc5 Rxc5 57.
Rf4+ Kxe6 58. Kg1 Ke5 59. Rf2 Bf5 60. Kh2 Be4 61. Kg1 Kd4 62. Ra2 Ke3 63. Ra3+
Bd3 64. Ra7 Rc2 65. Ra3 Rd2 66. Rb3 Ra2 67. Kh2 Kd4 68. g4 Be4 69. Kg3 Rxg2+
70. Kf4 Rf2+ 71. Kg5 Ke5 72. Rb8 Bd5 73. Kg6 Rf6+ 74. Kg5 Ra6 75. Rb5 Ra8 76.
Rb6 Be6 77. Rb5+ Kd6 78. Rb6+ Ke7 79. Rb7+ Bd7 80. Rb4 Rg8+ 81. Kh4 Kf6 82.
Rf4+ Ke5 83. Rb4 Be6 84. Kg3 Bd5 85. Rf4 Ra8 86. Rf5+ Ke4 87. Rf4+ Ke3 88. Rb4
Ra3 89. Kh4 Kf3 90. Rb6 Ra4 91. Rf6+ Kg2 92. Rd6 Bf3 93. Rg6 Ra8 94. Rg7 Rh8+
95. Kg5 Kg3 96. Kf5 Rf8+ 97. Ke5 Bxg4 98. Re7 Kf3 99. Kd4 Bf5 100. Ke5 Be4 101.
Rd7 Ke3 102. Ra7 Rf5+ 103. Ke6 Rb5 104. Kd6 Rd5+ 105. Ke6 Rh5 106. Kd6 Bd3 107.
Ra4 Bb5 108. Rb4 Kd3 109. Rg4 Bc4 110. Rg3+ Kd4 111. Rg4+ Kc3 112. Rf4 Kb4 113.
Ke7 Kc5 114. Kf6 Bd5 115. Rf2 Kd6 116. Rf4 Rh2 117. Kf5 Re2 118. Kf6 Re8 119.
Rf5 Be4 120. Rf4 Re6+ 121. Kg5 Ke5 122. Rg4 Re8 123. Rg3 Rf8 124. Rg4 Bf3 125.
Rg3 Ke4 126. Kh4 Ke3 127. Rg7 Rf5 128. Rg5 Rf4+ 129. Kg3 Be4 130. Rg7 Rf1 131.
Rg5 Bf5 132. Kh4 Ke4 133. Rg3 Kf4 134. Rg4+ Ke5 135. Rg2 Be4 136. Rg3 Kf5 137.
Rg5+ Kf6 138. Ra5 Rg1 139. Ra3 Kf5 140. Rg3 Rh1+ 141. Rh3 Ra1 142. Rg3 Ra8 143.
Rg5+ Kf4 144. Rg4+ Kf3 145. Rg3+ Kf2 146. Rg7 Ra5 147. Kg4 Ke3 148. Kg3 Ra2
149. Rg5 Rf2 150. Rg4 Rf1 151. Rg5 Bf5 152. Kh4 Rf2 153. Rg7 Kf4 154. Rg4+ Ke5
155. Kg3 Re2 156. Rg8 Be4 157. Rg5+ Kd4 158. Kf4 Rf2+ 159. Kg3 Ke3 {1/2-1/2 
(159) Vachier Lagrave,M (2723)-Ponomariov,R (2711) Leon 2015}) (10. Bb3 $5)
10... dxe5 (10... fxe5 11. Bg5 (11. h3 $5) 11... Qc8 12. Bb3 Na5 $13) 11. c4 $5
{I actually prefer this move over the main set up with Nbd2. White prepares
for Nc3 and develops her play in the centre.} (11. Nbd2 Nf7 12. Bb3 Qe7 13. Bd5
O-O 14. b4 Kh8 15. Qb3 b6 16. a4 Rab8 17. Qc4 Nd6 18. Qxa6 f5 19. exf5 gxf5 20.
Rfe1 Qf6 21. Nf1 Rbe8 22. Rad1 f4 23. Bc1 e4 24. Nd4 Nxd4 25. cxd4 Qg5 26. Bb3
Bg4 27. Qa7 Bf3 28. Ng3 Bxd1 29. Bxd1 e3 30. Ne2 f3 31. Ng3 exf2+ 32. Kxf2
Bxd4+ {0-1 (32) Zhigalko,S (2641)-Van Foreest,J (2629) Riadh 2017}) 11... Nf7
12. Nc3 Ne7 {Lagno spent quite a while for this rather dubious move. But
knowing her compatriot well or rather the danger of Gunina's potential
agressive creations, she opts for a quick simplification in the game. Looking
at it from this point of view it may be quite understandable, also when taking
into account that her game statistics of minus 3 against Valja in past games
are not in her favour.} ({Not quite sure what was wrong with} 12... O-O $5 {
; perhaps} 13. Bc5 Re8 {and} 14. Nd5 $5 {which looks probably a lot scarier
than it actually is...} f5 $13) 13. Qb3 (13. c5 $5 Bxa4 14. Qxa4+ Nc6 15. Qc4
O-O 16. b4 $14) 13... Bxa4 (13... O-O 14. Rad1 (14. Qxb7 $6 Bxa4 15. Nxa4 Nd6
16. Qb3 Nxe4 17. Rad1 Qe8 $11) 14... Bxa4 15. Qxa4 Qc8 16. Rd2 $14) 14. Qxa4+
Qd7 15. Qb4 {[#]} b6 $2 {This came to us quite as a surprise. Lagno spent
about 12 min to play a move which already admits that something must have been
terribly wrong.} (15... Nd6 {seemed during the commentary the most obvious
move to be played, as after} 16. c5 a5 $1 (16... Nc6 17. Qb3 Na5 18. Qc2 Nf7
19. b4 $36) 17. Qb3 a4 18. Qc2 {and} Nc4 {Black seemed to have overcome most
critical moments. However, looking at it now with the help of the chess
player's best buddy, it suggests that after} 19. Rfd1 Nxe3 20. fxe3 Qc6 {and}
21. b4 {Black is still far from equality.} O-O 22. Nd5 Nxd5 $8 23. exd5 Qb5 24.
a3 $16) (15... O-O-O 16. Rad1 Qe6 17. Nd5 {seems from the human point of view
way too frightening.}) 16. Rfd1 {And another couple of minutes ran down on her
clock. From this moment on Gunina was about 15 min ahead in time.} Qc6 17. Nd5
$6 {This move seems indeed logical when you skip to ask yourself a simply
question: what is Black actually going to play?} (17. Rac1 {improving the
position and gaining an important tempo. Black does not have any sensible move
at all. After} Qe6 18. Nd5 Nxd5 19. cxd5 {we would basically reach the very
same position as in the game with the huge difference of a white rook on c1
instead.}) 17... Nxd5 {[#]} 18. exd5 $2 {This move is not a typical blunder,
yet it deserves a question mark as it violates the positional principles of
chess.} (18. cxd5 Qb5 19. Qc3 Qd7 20. Rac1 Ra7 21. Qc6 $16 {with a comfortable
advantage which may last a life time.}) 18... Qd7 19. c5 bxc5 20. Bxc5 Nd6 21.
Bxd6 cxd6 (21... Qxd6 $5) 22. Rac1 O-O 23. Rc6 Rfb8 24. Qa3 $6 {This equalizes
the game on the spot. It was probably the very moment when the game went out
of Gunina's control.} (24. Qc3 {and White is still slightly better.}) 24... Bf8
25. h3 Qb7 26. b3 Qb5 27. Qc1 a5 28. Nh2 f5 29. Qg5 $6 {A very typical Gunina
move, which eventually changes the evaluation to Black's favour.} (29. Rc4 a4
30. b4 a3 31. Nf3 {keeps control.}) 29... Qb7 {Being in huge time trouble and
attacked by the trickiest female tactical magician of all time, a quite human
choice indeed. However, the queen had a perfect square on b5 and moving
backwards was not really necessary when a rook could take over the protection
of the 7th rank instead.} (29... Rb7 30. Nf3 e4 31. Nh4 Rf7 $17) 30. Rdc1 Qe7
31. Qd2 e4 $1 32. Rc7 Qe5 33. Re1 $138 Rb5 34. Rd1 a4 35. bxa4 Rxa4 36. Rc8 Rb2
37. Qh6 Qg7 38. Qf4 Raxa2 $1 39. Rf1 (39. Qxd6 Rxf2 40. Qe6+ Qf7 41. Nf1 Rxg2+
42. Kh1 Rgc2 $19) 39... Rc2 40. Re8 (40. Qxd6 Rxc8 41. Qe6+ Qf7 42. Qxc8 Qxd5
$19) 40... Qf7 41. Rb8 Rab2 42. Rxb2 (42. Qxd6 Rxb8 43. Qxb8 Qxd5 $19) 42...
Rxb2 43. Rd1 Qa7 $5 {This seemed to all of us the move to be played. Only when
looking at it a little bit deeper, we realized that it does not really prevent
White from regrouping her knight.} (43... Rb5 44. Qd2 Bg7 {would have been the
cleaner way of converting. But afterwards you are always smarter.}) 44. Nf1 $1
Bh6 45. Qh4 {And then you finally realize that the obvious winning idea of g5
and f4 is not winning at all...} Kg7 (45... g5 46. Qg3 f4 47. Qg4 Qxf2+ 48. Kh1
{and the dream of a victory is over for good.}) 46. Ra1 $1 {While Valja
already had made her calculation until the very end, Lagno hadn't even
considered this kingside hunting option from White.} Qxa1 $5 {Looking more
closely at Black's position, this move does not really deserve a question mark
since Lagno's alternatives (with less than 10 min left on the clock) to keep a
slight advantage mean to suffer quite a while and may eventually lead to even
more catastrophes.} (46... Qf7 {was in fact the only way to keep a slight
advantage.} 47. Ra6 Qf8 48. Qg3 $44) 47. Qe7+ Kg8 48. Qe6+ Kf8 49. Qc8+ $1 {[#]
} (49. Qxd6+ $2 Ke8 50. Qe6+ Kd8 51. Qg8+ Kc7 52. Qxh7+ Kb8 $3 53. Qh8+ Ka7 54.
Qh7+ Rb7 55. Qxh6 Rb1 $19) 49... Ke7 50. Qc7+ Ke8 51. Qc8+ Ke7 52. Qc7+ Kf6 53.
Qxd6+ Kg5 54. Qe7+ Kh5 55. g3 $3 {[#]} Bg5 56. Qxh7+ Bh6 57. Qe7 Bg5 58. Qh7+
Bh6 59. Qe7 Bg5 60. Qh7+ 1/2-1/2